000 00328nam a2200145Ia 4500
008 230718s9999 xx 000 0 und d
041 _aEng.
082 _a618.33
_bGIB-F
100 _aGibby Donald
245 0 _aFetal Monitoring
260 _aPakistan
_bOxford in Press
_c1997
300 _a218
650 _aLaw
999 _c26059
_d26059